Stadtteile Münsters - Statistiken

Allgemein
  • Dieses Quiz wurde 300 mal gespielt
  • Das Durchschnittsergebnis liegt bei 23 aus 45
Antworten auf der Karte
Die Antworten werden auf der Karte rot bzw. grün angezeigt, abhängig davon wie oft sie richtig erraten wurden.
 
Antwortstatistiken
Stadtbezirk Stadtteil % Korrekt
Hiltrup Hiltrup-Mitte
90%
Hiltrup Hiltrup-Ost
90%
Hiltrup Hiltrup-West
90%
Nord Kinderhaus-Ost
84%
Nord Kinderhaus-West
84%
West Gievenbeck
83%
Nord Coerde
77%
West Roxel
77%
Mitte Kreuz
76%
Mitte Mauritz-West
74%
Mitte Mauritz-Mitte
73%
Ost Mauritz-Ost
73%
Mitte Aaseestadt
71%
West Nienberge
70%
West Mecklenbeck
69%
Mitte Geist
66%
West Albachten
59%
Hiltrup Amelsbüren
58%
Süd-Ost Wolbeck
58%
Ost Handorf
56%
West Sentrup
55%
Hiltrup Berg Fidel
53%
Nord Sprakel
52%
Süd-Ost Gremmendorf-Ost
50%
Süd-Ost Gremmendorf-West
50%
Mitte Dom
47%
Mitte Schloss
46%
Süd-Ost Angelmodde
45%
Mitte Hafen
43%
Mitte Bahnhof
38%
Ost Gelmer-Dyckburg
38%
Mitte Uppenberg
36%
Mitte Rumphorst
34%
Mitte Aegidi
31%
Mitte Pluggendorf
27%
Mitte Überwasser
27%
Mitte Martini
26%
Mitte Neutor
23%
Mitte Herz-Jesu
19%
Mitte Buddenturm
18%
Mitte Düesberg
17%
Mitte Schlachthof
17%
Mitte Josef
15%
Mitte Hansaplatz
12%
Mitte Schützenhof
10%
Keine übereinstimmenden Quizze gefunden
Verteilung der Resultate
Anzahl Personen mit jedem Resultat
Perzentil nach korrekt beantworteten Fragen
Ihre Resultats-Entwicklung
Sie haben dieses Quiz noch nicht gespielt